| 000 | 005770000a22001810004500 | ||
|---|---|---|---|
| 003 | MACL | ||
| 005 | 20160331134902.0 | ||
| 008 | 160331b xxu||||| |||| 00| 0 eng d | ||
| 040 |
_aMACL _cMACL |
||
| 041 | _aHindi | ||
| 082 | _a300 | ||
| 100 |
_aप्रसाद राजेन्द्र _939284 |
||
| 245 | _aभारतीय जन-जीवन चिंतन के दर्पण में | ||
| 260 |
_bप्रकाशन विभाग _c1995 _aनई दिल्ली |
||
| 350 | _a45 | ||
| 650 |
_aSociology _949290 |
||
| 942 |
_cHIN _k300 _2ddc |
||
| 999 |
_c19576 _d19576 |
||